| 000 | 00689 a2200145 4500 | ||
|---|---|---|---|
| 020 | _a0470869860 | ||
| 040 |
_aDLC _bDLC |
||
| 100 | 1 | _aGolding, Paul, | |
| 245 | 0 | 0 |
_aNext generation wireless applications _cPaul Golding. |
| 260 |
_aNew York ; _aChichester : _bWiley, _c2004. |
||
| 300 |
_axxiii, 563 p. : _bill., maps ; _c26 cm. |
||
| 520 | 1 | _a"Written for strategists, managers, consultants and engineers, this book is also a practitioner's toolkit giving up-to-date information on accurate location-finding, interesting Java variants, smarter devices, useful protocols and many other mega-components."--BK JACKET. | |
| 650 | 0 | _aWireless communication systems. | |
| 942 |
_cBK _k621.3821 GOL _2ddc |
||
| 999 |
_c8244 _d8244 |
||